000
00432nam a2200157Ia 4500
008
100122s9999 xx 000 0 und d
082
_b
63376
_a
827
100
_a
कलंदर
245
_a
आणखी कानोकानी
260
_c
2003
300
_a
168
630
_a
आणखी कानोकानी
700
_a
जैन अशोक
730
_a
आणखी कानोकानी
942
_c
BOOK
999
_c
437372
_d
437369